| 000 | 00647cam a2200229 4500 | ||
|---|---|---|---|
| 008 | 090401t1994 xxu||||| |||| 00| 0 eng d | ||
| 020 | _a0070359431 | ||
| 035 | _a(Sirsi) u69494 | ||
| 041 | _aeng | ||
| 050 | _a690.3 | ||
| 100 | _aKubal, Michael T. | ||
| 245 | _aEngineered quality in construction: partnering and TQM. | ||
| 260 |
_aNew York _bMcGraw-Hill Inc. _c1994 |
||
| 300 | _axvii,318p. ; 23cm. | ||
| 350 | _a38.95 | ||
| 650 | _aCONSTRUCTION INDUSTRY | ||
| 650 | _aQUALITY ASSURANCE | ||
| 650 | _aTOTAL QUALITY MANAGEMENT | ||
| 690 | _aMANAGEMENT-BUSINESS MANAGEMENT-PROFESSIONAL PRACTICE | ||
| 942 | _n0 | ||
| 948 | _c04/03/1997 | ||
| 999 |
_c95204 _d95204 |
||